000 00904nam a2200229Ii 4500
003 JO-AjNU
008 230605s9999||||xx |||||||||||||| ||und||
017 _a2019/7/3679
020 _a978-9957-22-814-9
040 _aJO-AjNU
_bara
_erda
_cJO-AjNU
041 _aara
050 1 4 _aGV443.2020
100 3 _aكلاب، سهيل ؛ م.مشارك امال البوسيفي,
_eauthor
_960546
245 0 0 _aالتربية الحركية لمرحلة رياض الاطفال
250 _aط1
264 3 1 _aعمان: دار اسامة للنشر والتوزيع، 2020
300 _a264ص
_bيحتوي على صور توضيحية
336 _atext
_btxt
_2rdacontent
337 _aunmediated
_bn
_2rdamedia
338 _avolume
_bnc
_2rdacarrier
650 4 _aالتربية البدنية-التدريب الرياضي-التعليم ما قبل المدرسة-التعليم الابتدائي
_960547
999 _aA27308
_c30876
_d30876